|
|
|
|
| LEADER |
00000nam a22000005a 4500 |
| 001 |
vtls010510533 |
| 003 |
SK-MaSNL |
| 005 |
20260426015835.0 |
| 008 |
130515s2013 xo g 001 0 slo |
| 015 |
|
|
|a SNBE2013
|
| 020 |
|
|
|a 9788081300271 (brož.)
|
| 040 |
|
|
|a SNK
|b slo
|c SNK
|e AACR2
|
| 041 |
0 |
|
|a slo
|
| 043 |
|
|
|a e-xo---
|
| 044 |
|
|
|a xo
|c SK
|
| 072 |
|
7 |
|a 006
|x Metrológia. Štandardizácia
|2 konspekt
|
| 080 |
|
|
|a 006.7/.8
|2 2001
|
| 080 |
|
|
|a (437.6)
|2 2001
|
| 080 |
|
|
|a (083.8)
|2 2001
|
| 080 |
|
|
|a (048.8)
|2 2001
|
| 110 |
2 |
|
|a Slovenský ústav technickej normalizácie.
|b Oddelenie informačných technológií
|4 aut
|9 152280
|
| 245 |
1 |
0 |
|a Zoznam slovenských technických noriem 2013
|n 5. diel
|p Trieda 87
|b stav k 1.1.2013
|c [text vypracoval: SÚTN - oddelenie informačných technológií]
|
| 246 |
3 |
0 |
|a Trieda 87
|
| 260 |
|
|
|a Bratislava
|b Slovenský ústav technickej normalizácie
|c 2013
|
| 300 |
|
|
|a 227 s.
|c 30 cm
|
| 504 |
|
|
|a Obsahuje register noriem
|
| 650 |
0 |
7 |
|a technické normy a štandardy
|2 SNKPH
|9 69944
|
| 650 |
0 |
7 |
|a Technical standards
|2 SNKPHeng
|9 291771
|
| 651 |
|
7 |
|a Slovensko
|2 SNKPH
|9 14231
|
| 651 |
|
7 |
|a Slovakia
|2 SNKPHeng
|9 92630
|
| 655 |
|
7 |
|a zoznamy
|2 SNKPH
|9 29645
|
| 655 |
|
7 |
|a prehľady
|2 SNKPH
|9 70194
|
| 655 |
|
7 |
|a Lists
|2 SNKPHeng
|9 267515
|
| 655 |
|
7 |
|a Surveys
|2 SNKPHeng
|9 266058
|
| 919 |
|
|
|a 978-80-8130-027-1
|
| 999 |
|
|
|c 1195413
|d 1197343
|
| 952 |
|
|
|a SNK
|b SNK
|y PREZ
|7 0
|p 17A1070546
|o snkOSB 17156/5
|i snk2013/11062
|8 0
|0 0
|1 0
|4 0
|d 2013-05-15
|l 0
|r 2026-02-24 22:24:50
|w 2026-02-24
|
| 952 |
|
|
|a SNK
|b SNK
|y VYP
|7 0
|p 17A1070547
|o snkOSB 17156/5 D1
|i snk2013/11063
|8 0
|0 0
|1 0
|4 0
|d 2013-05-15
|l 0
|r 2026-02-24 22:24:50
|w 2026-02-24
|